000 03061nab a2200289 i 4500
003 BR-BrBNA
005 20240429130958.0
008 240429b2014 bl.qr|pooa||| 00| 0 por |
040 _aBR-BrBNA
_bpor
072 _aF40
100 _aSousa, L.A.
100 _aVenzke, T.S.
100 _aMartins, S.V.
100 _aFreitas, G.B.
245 _aCaracterísticas Fenológicas de Baccharis trimera (Less.) DC. (1836) – Asteraceae – no município de Viçosa, Minas Gerais, Brasil
500 _aPublicação on-line; 19 ref.; 2 tables; 1 illus.; Summaries (En, Pt)
520 _a RESUMO: Quatro populações de Baccharis trimera (Asteraceae) foram analisadas no município de Viçosa-MG quanto ao ciclo fenológico. As observações foram realizadas mensalmente de março de 2010 a março de 2011 acompanhando a fenofase vegetativa e reprodutiva em espécimes ocorrentes em diferentes ambientes – barranco, mata de eucaliptos, mata secundária e pastagem. Os indivíduos do barranco e da pastagem floresceram durante maio, junho e julho e frutificaram entre agosto e setembro. As plantas em sub-bosque de mata secundária não apresentaram a fenofase reprodutiva. A floração e a frutificação das plantas na mata de eucalipto ocorreram após um mês em relação às outras populações. O conhecimento preliminar do ciclo fenológico da espécie contribui para a estratégia de seu manejo sustentável e emprego medicinal. Palavras-chave: Baccharis trimera, ciclo fenológico, planta medicinal, Viçosa.
520 _a ABSTRACT: Phenology of populations of “carqueja” [Baccharis trimera (Less.) DC. – Asteraceae] in the municipal district of Viçosa, Minas Gerais, Brazil.Fourpopulations ofBaccharistrimera (Asteraceae) were analyzedin Viçosa-MG in relation to thephenological cycle. The observations weretaken monthly fromMarch 2010to March 2011following thevegetativeand reproductivephenologyinspecimensoccurringin differentenvironments– ravine,forestof eucalyptus trees, secondary forest and pasture. Individualsfrom the ravineand pasturebloomed duringMay, June andJuly andbore fruitin August and September. The plantsof thesecondary forestunderstoryshowed noreproductivephenology. Flowering andfruiting ofplantsin the forestofeucalyptustrees occurredafter one monthcompared toother populations. Preliminary knowledgeof the phenological cycleof the speciescontributes toits sustainable managementstrategyandmedicinaluses. Keywords: Baccharis trimera, ciclo fenológico, planta medicinal, Viçosa.
650 _aBACCHARIS
650 _aFENOLOGIA
650 _aPLANTA MEDICINAL
650 _aVIÇOSA
773 0 _03543
_9314768
_dBotucatu-SP Instituto de Biociências - Departamento de Química e Bioquímica 1998
_o2024-1020
_tRevista Brasileira de Plantas Medicinais (Brazil)
_x1516-0572
_gv. 16(1) p. 112-116; (2014)
_wBR2024000700
856 _uhttps://www.scielo.br/j/rbpm/a/XGgWrcwrSZjvZmVpB3gyfPR/?format=pdf&lang=pt
942 _cAnalítica
999 _c299370
_d299370